[Event "Rheinland Pfalz op 4th"]
[Site "Altenkirchen"]
[Date "2012.06.07"]
[Round "2"]
[White "Schaefer, Wolfgang"]
[Black "Ohr, Wolfgang"]
[Result "1-0"]
[WhiteElo "1654"]
[BlackElo "980"]
[PlyCount "85"]
[EventDate "2012.06.07"]
[EventType "swiss"]
[EventRounds "7"]
[EventCountry "GER"]
[SourceTitle "CBM 148 Extra"]
[Source "ChessBase"]
[SourceDate "2012.06.22"]
[SourceVersion "1"]
[SourceVersionDate "2012.06.22"]
[SourceQuality "1"]

1. e4 e5 2. d4 d6 3. dxe5 Nc6 4. Nf3 Bg4 5. Bb5 a6 6. Bxc6+ bxc6 7. 0-0 d5 8. exd5 cxd5 9. c3 Bc5 10. Nbd2 Ne7 11. Nb3 Bb6 12. Bg5 c6 13. Nbd4 Qd7 14. Bxe7 Kxe7 15. Qd2 h6 16. Rfe1 Rhe8 17. e6 Bxe6 18. Ne5 Qd6 19. Ndxc6+ Kf8 20. Qf4 Kg8 21. Nd4 Ra7 22. Nd3 Qd7 23. Re3 Bc7 24. Qf3 Qd6 25. g3 Bb6 26. Rae1 Rae7 27. Nf4 Qd7 28. Nfxe6 fxe6 29. Qg4 Bxd4 30. Qxd4 Qb5 31. b3 Qc6 32. h4 Qd6 33. c4 e5 34. Qxd5+ Qxd5 35. cxd5 Rc8 36. Rxe5 Rxe5 37. Rxe5 Rc1+ 38. Kg2 Rc2 39. d6 Rxa2 40. d7 Rd2 41. Re8+ Kf7 42. d8Q Rxd8 43. Rxd8 1-0